000 00546nam a22001937a 4500
005 20160621142619.0
010 _aENG-115165
020 _a9789385755682
_c499.00
035 _aEN-98697
037 _bDBAD/PUB
082 _aN
100 _aKurniawan, Eka
245 _aBeauty is a wound /
_cby Eka Kurniawan ; translated by Annie Tucker
260 _aNew Delhi
_bSpeaking Tiger
_c2016
270 _a4381/4,Ansari,road Daryaganj
_bNew Delhi
_e110002
300 _a470p.
_c23cm(pbk)
700 _aTucker, Annie
942 _2ddc
_cEN
_mKUR
_hN
999 _c100090
_d100090